000 00513nam a22001937a 4500
003 NUST - PNEC
005 20170116180802.0
008 150416b xxu||||| |||| 00| 0 eng d
020 _a-
040 _cLIBRARY
082 _a909.82 STO
100 _92646
_aStoessinger, John G.
245 _aWhy nations go to war
_cJohn G. Stoessinger
250 _a5th ed.
260 _aLahore
_bSaleem Book Centre,
_cc2003.
300 _a225 p. :
_c22 cm.
650 _92648
_aWar, History
_xMIS, General
942 _2ddc
_cBK
999 _c63016
_d63016